Normal view
MARC view
- الجغرافيا -- دوائر معارف
Entry Topical Term
001 - CONTROL NUMBER
- control field: 7441
003 - CONTROL NUMBER IDENTIFIER
- control field: JO-AjAnu
005 - DATE AND TIME OF LATEST TRANSACTION
- control field: 20230606071513.0
008 - FIXED-LENGTH DATA ELEMENTS
- fixed length control field: 230606|| aca||aabn | a|a d
040 ## - CATALOGING SOURCE
- Original cataloging agency: JO-AjAnu
- Transcribing agency: JO-AjAnu
150 ## - HEADING--TOPICAL TERM
- Topical term or geographic name entry element: الجغرافيا -- دوائر معارف
670 ## - SOURCE DATA FOUND
- Source citation: Work cat.: (JO-AjAnu)3848: إعداد، مصطفى أحمد أحمد ، حسام الدين إبراهيم عثمان, author 7440, الموسوعة الجغرافية: الأنهار - البحار- المحيطات- البحيرات - الجبال -تلال - خلجان- سدود-أودية- سهول- شلالات -مرتفعات- قنوات- مضايق- ممرات - هضاب، الجزء الثاني